000 00323pab a2200145 454500
008 180718b2005 xxu||||| |||| 00| 0 eng d
100 _aMishra, Girish
245 _aWhither globalisation?
260 _c2005
300 _ap.3-5.
362 _a17 Sep
650 _aGlobalization
773 _aMainstream
909 _a66907
999 _c66907
_d66907